| 000 | 00832nam a22002057a 4500 | ||
|---|---|---|---|
| 999 |
_c6892 _d6892 |
||
| 003 | AR-CdUCM | ||
| 008 | 190319b ||||| |||| 00| 0 spa d | ||
| 040 |
_aMUNICIPALIDAD PROVINCIAL DEL CUSCO _cBIBLIOTECA MUNICIPAL DEL CUSCO |
||
| 082 |
_a301 / _bP39 |
||
| 100 |
_aPelto, Pertti J. _919422 |
||
| 245 | _aEl estudio de la antropología / | ||
| 260 |
_aMéxico : _bHispano americana, _c1967. |
||
| 300 |
_a199 paginas ; _c17 cm. |
||
| 505 | _aContenido :El estudio del hombre -- La historia de la antropología -- Métodos para la investigación antropológica -- Aportaciones de la investigación antropológica -- Descubrimientos fundamentales de la investigación antropológica .. | ||
| 650 |
_aMetodología _92264 |
||
| 650 |
_aEtnologias _919423 |
||
| 650 |
_aCiencias sociales _91096 |
||
| 942 |
_2ddc _cLIBROS |
||
| 945 | _arum | ||